| 000 | 00552nam a22001817a 4500 | ||
|---|---|---|---|
| 003 | LK-CoMWRAF | ||
| 005 | 20231215142956.0 | ||
| 008 | 231116b2006 |||||||| |||| 00| 0 eng d | ||
| 020 | _a9789551302085 | ||
| 040 |
_aLK-CoMWRAF _dLK-CoMWRAF _eLK-CoMWRAF |
||
| 041 | _aeng | ||
| 082 |
_a323.4 _bSRI |
||
| 245 |
_aSri Lanka: state of human rights 2006, _bThe tsunami & its aftermath |
||
| 260 |
_aColombo: _b Law & Society Trust, _c2007 |
||
| 300 |
_axix, 405p. : 22 cm _bBibliography and index included |
||
| 650 | _aCIVIL RIGHTS-Sri Lanka | ||
| 942 | _cBK | ||
| 999 |
_c4092 _d4092 |
||